000 00360pab a2200145 454500
008 180718b2003 xxu||||| |||| 00| 0 eng d
100 _aRustamji, K.F.
245 _aDelhi police have saved US from a national disaster
260 _c2003
300 _ap.110-12.
362 _aJul-Sep
650 _aPolice
773 _aIndian Police Journal
909 _a59830
999 _c59830
_d59830